00809nam a2200217 a 45000010005000000030005000050050017000100080041000270400020000681000028000882450114001162600044002303000019002744900067002936100024003606500034003846500050004189420013004689990015004819520095004962169CDMR20131016173602.0130130s1988||||||||||||||||||||||||||||d aCDMRbcatcCDMR1 aJuana, Jesús de9161513aLa oposición centrista durante la Segunda Repúblicab: el periódico AHORA : 1930-1936cJesús de Juana aSantiagoc1988bUniversidad de Santiago a340 p ;c24 cm0 aMonografías de la Universidad de Santiago de Compostelav1372 94077aAhora (Diari)0493305aRepublicanismezEspanya0494090aPremsa i políticazEspanyay1930-1936 cMON2udc c2169d2169 00104070aCDMRbCDMRd2013-01-16l0oDt 13/49pCDMR13108493r2013-01-16w2013-01-16yMON